000
00284nam a22001217a 4500
082
_a
894.812
_b
KOZ/A
100
_a
KOZHIKODE SARVAKALASHALA
245
_a
ADHUNIKA KAVITHA
260
_a
KOZHIKODE
_b
KOZHIKODE SARVAKALASHALA
_c
1982
300
_a
36
650
_a
POEMS
_z
KERALA
942
_c
BK
999
_c
1168
_d
1168